000 00797nam a2200241Ia 4500
003 OSt
005 20220923212701.0
006 a|||||r|||| 00| 0
007 ta
008 220922b |||||||| |||| 00| 0 hin d
024 _a155,229
037 _cTextual
040 _aARTS
_cARTS
_bhin
041 _2hin
_ahin
082 _aO15:1A2(Y15):g, 152M8
100 _aहुकुम सिंह
245 0 _aमहाभारत के प्रमुख नारी पात्र
246 _ahinābhārat ke pramukh nārī pātra
260 _aफतेहगढ़
_b स्वाध्याय प्रकाशन
_c1988
300 _a116 पृ.
_ccm.
942 _hO15:1A2(Y15):g, 152M8
_cTEXL
_2CC
999 _c310783
_d310783